Gendered migration in a changing care regime: (Record no. 506960)

000 -LEADER
fixed length control field 00488nam a2200169Ia 4500
008 - FIXED-LENGTH DATA ELEMENTS--GENERAL INFORMATION
fixed length control field 181130s2018 xx 000 0 und d
100 ## - MAIN ENTRY--PERSONAL NAME
Personal name Lee, Hyunok
100 ## - MAIN ENTRY--PERSONAL NAME
Personal name Migration
245 ## - TITLE STATEMENT
Title Gendered migration in a changing care regime:
Remainder of title a case of Korean Chinese migrants in South Korea
260 ## - PUBLICATION, DISTRIBUTION, ETC.
Date of publication, distribution, etc. 2018
300 ## - PHYSICAL DESCRIPTION
Extent p.393-407.
504 ## - BIBLIOGRAPHY, ETC. NOTE
-- Jul
650 ## - SUBJECT ADDED ENTRY--TOPICAL TERM
Topical term or geographic name entry element Migration - China
650 ## - SUBJECT ADDED ENTRY--TOPICAL TERM
Topical term or geographic name entry element Migration - Korea
773 ## - HOST ITEM ENTRY
Main entry heading Social Policy and Society
906 ## - LOCAL DATA ELEMENT F, LDF (RLIN)
a Migration - Korea
Holdings
Withdrawn status Lost status Damaged status Not for loan Permanent Location Current Location Date acquired Serial Enumeration / chronology Barcode Date last seen Price effective from Koha item type
        Indian Institute of Public Administration Indian Institute of Public Administration 2018-12-07 17(3),Jul, 2018: p.393-407. AR117846 2018-12-07 2018-12-07 Articles

Powered by Koha